First 10 U.S. Presidents - Sudden Death - Statistics

General Stats
  • This quiz has been taken 76 times
  • The average score is 8 of 10
Answers on the Grid
Answers color-coded by a green-red scale on the quiz's grid according to % correct below.
Abraham Lincoln
Andrew Jackson
Andrew Johnson
Barack Obama
Calvin Coolidge
George Washington
Gerald Ford
James G. Garfield
James K. Polk
James Madison
James Monroe
John Adams
John F. Kennedy
John Quincy Adams
John Tyler
Martin Van Buren
Millard Filmore
Theodore Roosevelt
Thomas Jefferson
William Henry Harrison
Zachary Taylor
 
Answer Stats
Answer % Correct
George Washington
96%
John Adams
93%
James Madison
91%
Thomas Jefferson
89%
John Quincy Adams
87%
James Monroe
82%
Andrew Jackson
71%
Martin Van Buren
64%
John Tyler
55%
William Henry Harrison
47%
No matching quizzes found
Score Distribution
Percent of People with Each Score
Percentile by Number Answered
Your Score History
You have not taken this quiz